000 00783nam a2200253Ia 4500
003 OSt
005 20220923213019.0
006 a|||||r|||| 00| 0
007 ta
008 220922b |||||||| |||| 00| 0 hin d
024 _a158,329
037 _cTextual
040 _aARTS
_cARTS
_bhin
041 _2hin
_ahin
082 _aO152,1xN, H7
100 _aजैन, रमा, संपा.
245 0 _aआधुनिक जैन-कवि
246 _aĀdhunik jaina-kavi
260 _aबनारस
_b भारतीय ज्ञानपीठ
_c1947
300 _a256पृ.
_ccm.
650 _aहिन्दी साहित्य
_9156264
942 _hO152,1xN, H7
_cTEXL
_2CC
999 _c313128
_d313128